000 00711nam a2200229 a 4500
999 _c2333
_d2333
001 2333
003 BD-JhCC
005 20220825134021.0
008 171101s2014 bg |||| ||a| 000 0 ben d
020 _a9789844042273
035 _a(BD-JhCC)2333
040 _aBD-JhCC
_dBD-JhCC
041 _aben
082 _a891.443
_bIQB 2014
100 _aইকবাল, মুহম্মদ জাফর
245 _aরাজু ও আগুনালির ভূত /
_cমুহম্মদ জাফর ইকবাল
260 _aঢাকা :
_bঅনুপম প্রকাশনী,
_c২০১৪.
300 _a112 p. :
_c21 cm.
650 _aJovenile Novel
942 _2ddc
_cCF
_09